Statistics for Ancient Greek and Roman Writers

Click here to take the quiz!

General Stats

  • This quiz has been taken 232 times
  • The average score is 8 of 16

Answer Stats

Hint Answer % Correct
The teacher of all Greece and the most important epic poet.Homer
88%
The student of Socrates and a founder of Academy in Athens, he is the source of the myth of Atlantis.Plato
86%
Roman orator, philosopher and politician, famous for his speeches against the conspiracy of CatilinaCicero
69%
Athenian playwright, wrote "Oedipus at Colonus" and "Antigone".Sophocles
69%
A poet from the island of Lesbos, she wrote a number of poems describing her passionate feelings for her female students.Sappho
67%
Greek tragic poets, believed by many Athenians to be scandalous and too modern for their tastes. He wrote, among others, "Medea" and "Bacchae".Euripides
56%
Greek epic poet, supposedly met the Muses, wrote "Works and Days" and "Theogony".Hesiod
51%
Greek biographer and philosopher, living under Imperial Romal rule; in one of his books he compares the lives of famous Greeks with famous Romans.Plutarch
45%
Roman historian; in his book he described the history of Rome from the foundation of the city.Livy
42%
A secretary to an emperor, this Roman biographer composed a set of lives of Caesars, most of them rather gossipy.Suetonius
34%
Athenian politician of 7th/6th c. BCE, famous for redesigning Athenian politics and introducing first democratic elements into it. He was also a renown author of elegies.Solon
33%
Athenian orator and politician; first he warned his compatriots against Philip of Macedon, to become later a sworn enemy of Philip's son, Alexander.Demosthenes
33%
Roman poet, protege of Mecenas and author of four books of odes.Horace
32%
The first known Roman lyric poet, famous both for his emotional poetry to an unfaithful lover (called Lesbia) and for his witty, sarcastic poems on enemies and politicians.Catullus
31%
Roman playwright, the most popular author of comedies; Shakespeare reworked one of his plays in "The Comedy of Errors".Plautus
25%
Roman poet, living in the late Republican era; he wrote a learned poem based on Epicurean philosophy.Lucretius
18%

Score Distribution

Percentile by Number Answered

Percent of People with Each Score

Your Score History

You have not taken this quiz